000 00786nam a2200181 4500
005 20260330181755.0
008 210809b ||||| |||| 00| 0 eng d
022 _a10422587
082 _aDPer 658.405 En86 September-November 2015 v. 39 n. 5
100 _aCardon, Melissa S.
_943434
245 _aEntrepreneurial passion as mediator of the self-efficacy to persistence relationship /
_cMelissa S. Cardon and Colleen P. Kirk.
260 _aHoboken, NJ ;
_bWiley Subscription Services, Inc. ,
_cSeptember 2015.
300 _aVolume 39, pages 1027-1050 :
_billustrations ;
_c25 cm.
500 _aEntrepreneurship Theory and Practice, vol. 39, no. 5, pages 1027-1050, September 2025.
650 _aBusiness
_xbehavior.
_943435
700 _aKirk, C. P.
_eAuthor.
_943436
942 _2ddc
_cPER
999 _c16210
_d16210